000 01108nam a2200265Ia 4500
003 OSt
005 20221005104749.0
006 a|||||r|||| 00| 0
007 ta
008 221004b |||||||| |||| 00| 0 hin d
020 _a9789380172507 (hbk)
_c200
024 _a8824
037 _b20480, 08/01/2014, Hindi Madhyam Karyanvyan Nideshalye
_cTextual
040 _aCRL
_cCRL
_bhin
041 _2hin
_ahin
082 _aN:g(R5), 152Q3
100 _aभटनागर, मधुरलता
245 0 _aललित कलाओं का सौंदर्य विधान
246 _aLalit kalāoan kā sauandarya vidhāna
260 _aदिल्ली
_bविश्वविद्यालय हिन्दी माध्यम कार्यान्वय निदेशालय भारत
_c2013
300 _a127पृ0
_ccm.
650 _aल्थ्ल्त् क्ल्ज्ञ
942 _hN:g(R5), 152Q3
_cTEXL
_2cc
999 _c1013707
_d1013707